[Event "St Petersburg Autumn op"]
[Site "St Petersburg"]
[Date "2011.10.30"]
[Round "3"]
[White "Ermolov, Vasily"]
[Black "Chernyshev, Nikolay M"]
[Result "1-0"]
[WhiteElo "2005"]
[BlackElo "1860"]
[PlyCount "71"]
[EventDate "2011.10.28"]
[EventType "swiss"]
[EventRounds "9"]
[EventCountry "RUS"]
[SourceTitle "EXT 2013"]
[Source "ChessBase"]
[SourceDate "2012.11.22"]
[SourceVersion "1"]
[SourceVersionDate "2012.11.22"]
[SourceQuality "1"]

1. e4 e5 2. d4 exd4 3. Qxd4 Nc6 4. Qe3 Nf6 5. Nc3 Bb4 6. Bd2 b6 7. 0-0-0 0-0 8. f3 Re8 9. Qg5 Re5 10. Qh4 Bd6 11. g4 Ne8 12. Qe1 Bb4 13. Nge2 Nd6 14. a3 Bxc3 15. Bxc3 Re8 16. h4 a5 17. Nf4 b5 18. Nh5 f6 19. Rxd6 cxd6 20. Bxb5 d5 21. g5 d4 22. Bc4+ d5 23. Bxd5+ Qxd5 24. exd5 Rxe1+ 25. Bxe1 Ne7 26. gxf6 Nxd5 27. fxg7 Bf5 28. Ng3 Ne3 29. Bd2 Bd7 30. Re1 Kxg7 31. Bxe3 dxe3 32. Rxe3 Kf7 33. b3 Rg8 34. Ne4 Bc6 35. Ng5+ Kf8 36. Nxh7+ 1-0

[Event "St Petersburg June op"]
[Site "St Petersburg"]
[Date "2008.06.26"]
[Round "6"]
[White "Chernyshev, Nikolay M"]
[Black "Inyakina, Alina"]
[Result "1/2-1/2"]
[WhiteElo "2082"]
[BlackElo "1803"]
[PlyCount "47"]
[EventDate "2008.06.21"]
[EventType "swiss"]
[EventRounds "9"]
[EventCountry "RUS"]
[SourceTitle "CBM 125 Extra"]
[Source "ChessBase"]
[SourceDate "2008.09.01"]
[SourceVersion "1"]
[SourceVersionDate "2008.09.01"]
[SourceQuality "1"]

1. c4 Nf6 2. Nc3 c6 3. d4 d5 4. c5 Bf5 5. Nf3 h6 6. g3 Nbd7 7. Bg2 e6 8. b4 Ne4 9. Nxe4 dxe4 10. Nd2 Nf6 11. Bb2 Be7 12. 0-0 0-0 13. Qb3 Qd5 14. Nc4 Rfd8 15. Rfd1 Bg4 16. f3 exf3 17. exf3 Bf5 18. Qe3 Qd7 19. Ne5 Qc7 20. a4 Nd5 21. Qb3 Rab8 22. b5 Bf8 23. Rac1 h5 24. f4 1/2-1/2

[Event "St Petersburg June op"]
[Site "St Petersburg"]
[Date "2008.06.23"]
[Round "3"]
[White "Gratsianov, Igor"]
[Black "Chernyshev, Nikolay M"]
[Result "0-1"]
[WhiteElo "1879"]
[BlackElo "2082"]
[PlyCount "86"]
[EventDate "2008.06.21"]
[EventType "swiss"]
[EventRounds "9"]
[EventCountry "RUS"]
[SourceTitle "CBM 125 Extra"]
[Source "ChessBase"]
[SourceDate "2008.09.01"]
[SourceVersion "1"]
[SourceVersionDate "2008.09.01"]
[SourceQuality "1"]

1. f4 d5 2. Nf3 Nc6 3. e3 Bg4 4. Be2 Nf6 5. 0-0 e6 6. d4 a6 7. Ne5 Bxe2 8. Qxe2 Bb4 9. c3 Ba5 10. b4 Bb6 11. Ba3 Ne4 12. Qd3 Ne7 13. Nd2 Nxd2 14. Qxd2 Nf5 15. Rf3 Nd6 16. Raf1 f6 17. Nd3 Ne4 18. Qc2 Qd7 19. f5 exf5 20. Rxf5 g6 21. R5f3 f5 22. Ne5 Qg7 23. Bb2 c6 24. Rd1 Bc7 25. c4 Rd8 26. a4 0-0 27. Rc1 Bxe5 28. dxe5 dxc4 29. Qxc4+ Qf7 30. e6 Qe7 31. Rh3 Rd6 32. b5 Qxe6 33. Qf1 Rfd8 34. Qe1 Rd2 35. Bd4 Qa2 36. Qh4 Rxg2+ 37. Kh1 Rd7 38. Rf1 Rg4 39. Qxg4 fxg4 40. Rh4 c5 41. Be5 Nf2+ 42. Kg1 Nh3+ 43. Kh1 Qd5+ 0-1

[Event "St Petersburg June op"]
[Site "St Petersburg"]
[Date "2008.06.21"]
[Round "1"]
[White "Alekseenko, Kirill"]
[Black "Chernyshev, Nikolay M"]
[Result "1-0"]
[WhiteElo "2061"]
[BlackElo "2082"]
[PlyCount "83"]
[EventDate "2008.06.21"]
[EventType "swiss"]
[EventRounds "9"]
[EventCountry "RUS"]
[SourceTitle "CBM 125 Extra"]
[Source "ChessBase"]
[SourceDate "2008.09.01"]
[SourceVersion "1"]
[SourceVersionDate "2008.09.01"]
[SourceQuality "1"]

1. e4 e5 2. Nf3 Nc6 3. Bc4 h6 4. 0-0 Nf6 5. Re1 Bc5 6. c3 d6 7. d4 Bb6 8. dxe5 Nxe5 9. Nxe5 dxe5 10. Qxd8+ Kxd8 11. Bxf7 Rf8 12. Bc4 Ng4 13. Be3 Nxe3 14. fxe3 Ke7 15. Nd2 Be6 16. Bxe6 Kxe6 17. Nc4 Bc5 18. b4 Be7 19. Rad1 Rad8 20. Na5 Rb8 21. Rd3 Rfd8 22. Rxd8 Bxd8 23. Rd1 c6 24. Nxb7 Bb6 25. Nc5+ Bxc5 26. bxc5 Rb2 27. Rd6+ Ke7 28. Rxc6 Rxa2 29. Rc7+ Kd8 30. Rxg7 a5 31. Rh7 Kc8 32. Rxh6 Kb7 33. Rb6+ Ka7 34. Rb1 Rc2 35. Rb3 Rd2 36. c6 Rd8 37. g4 Rc8 38. g5 Rxc6 39. Kf2 Ka6 40. h4 a4 41. Ra3 Kb5 42. h5 1-0